000 00651nam a2200205Ia 4500
003 IN-BaIIA
008 211028s9999 xx 000 0 eng d
040 _cIIA Library
080 _a517.928.4
_bHAL
100 _aHale, Jack K.
_95362
245 0 _aOscillations in nonlinear systems
_cJack K. Hale
260 _aNew York
_bMcGraw-Hill
_c1963
300 _aix, 180p.
490 _aMcGraw-Hill series in advanced mathematics with applications
650 _aNASA Thesaurus
650 _aNonlinear Systems
_95363
650 _aOscillations
_92762
650 _aTheory of Oscillations
_95364
942 _cBK
999 _c3020
_d3020